[Event "11th European Senior"]
[Site "Courmayeur ITA"]
[Date "2011.04.14"]
[Round "9.38"]
[White "Weyand, Fernand"]
[Black "De Polzer, Manfredi"]
[Result "1/2-1/2"]
[WhiteElo "1845"]
[BlackElo "1697"]
[WhiteFideId "638633"]
[BlackFideId "835277"]
[EventDate "2011.04.06"]

1. e4 c5 2. Nc3 d6 3. f4 a6 4. Nf3 Bg4 5. Be2 Bxf3 6. Bxf3 e6 7. O-O Nc6 8. Ne2
b5 9. c3 Rb8 10. d3 Qc7 11. Be3 e5 12. f5 Nf6 13. g4 h6 14. Qe1 Nh7 15. h4 Be7
16. Kh2 Qd8 17. Bf2 Kd7 18. Rd1 Bf6 19. Bg3 Qe7 20. Qf2 Kc7 21. Rd2 Kb7 22. Rfd1
Rbd8 23. d4 g5 24. h5 exd4 25. cxd4 cxd4 26. Rc1 Be5 27. Rdc2 Rc8 28. Rd2 Nf6
29. Qg1 Rc7 30. Qf2 Rhc8 31. Rcd1 Nd7 32. Nxd4 Nxd4 1/2-1/2

[Event "11th European Senior"]
[Site "Courmayeur ITA"]
[Date "2011.04.14"]
[Round "9.39"]
[White "Deiana, Giacomo"]
[Black "Chireykina, Natalia"]
[Result "1/2-1/2"]
[WhiteElo "1689"]
[BlackElo "1831"]
[WhiteFideId "843750"]
[BlackFideId "24132136"]
[EventDate "2011.04.06"]

1. Nf3 Nf6 2. c4 d6 3. g3 g6 4. Bg2 Bg7 5. O-O O-O 6. Nc3 e5 7. d3 c6 8. Rb1 a5
9. a3 Nbd7 10. Bd2 Re8 11. Qc2 Nf8 12. b4 axb4 13. axb4 Bf5 14. Nh4 Bg4 15. Rfe1
Qd7 16. b5 Bh3 17. bxc6 bxc6 18. Bh1 Rab8 19. Qa4 Rxb1 20. Rxb1 1/2-1/2

[Event "11th European Senior"]
[Site "Courmayeur ITA"]
[Date "2011.04.14"]
[Round "9.40"]
[White "Bonino, Silvano"]
[Black "Carboni, Giancarlo"]
[Result "0-1"]
[WhiteElo "1465"]
[BlackElo "1827"]
[WhiteFideId "872660"]
[BlackFideId "843903"]
[EventDate "2011.04.06"]

1. d4 Nf6 2. Bf4 d6 3. Nf3 g6 4. h3 Bg7 5. e3 Nbd7 6. Be2 O-O 7. O-O c5 8. c3 b6
9. Nbd2 Bb7 10. a3 Rc8 11. Rc1 Rc7 12. b4 Nd5 13. Bh2 cxd4 14. cxd4 Nc3 15. Qe1
Nxe2+ 16. Qxe2 Qb8 17. Rxc7 Qxc7 18. Qc4 Qb8 19. Qc2 Rc8 20. Qb2 b5 21. Rc1 Nb6
22. Rxc8+ Qxc8 23. Ne1 Na4 24. Qc2 Qd7 25. Ne4 Nb6 26. Nd2 d5 27. Nd3 Nc4 28.
Nxc4 dxc4 29. Nc5 Qd5 30. Nxb7 Qxb7 31. Kf1 h5 32. Qc3 f6 33. f3 e6 34. Bd6 Kf7
35. Ke2 Qc6 36. Bc5 a6 37. Qe1 e5 38. Qd2 exd4 39. Qxd4 Bf8 40. e4 Bxc5 41. Qxc5
Qxc5 42. bxc5 Ke6 43. f4 h4 44. Ke3 Kd7 45. e5 fxe5 46. fxe5 Ke6 47. c6 Kxe5 48.
c7 Kd6 0-1

[Event "11th European Senior"]
[Site "Courmayeur ITA"]
[Date "2011.04.14"]
[Round "9.41"]
[White "Diaz Begonte, Manuel"]
[Black "Pintauro, Antonello"]
[Result "1-0"]
[WhiteElo "1778"]
[BlackElo "1616"]
[WhiteFideId "2262002"]
[BlackFideId "878685"]
[EventDate "2011.04.06"]

1. e4 e6 2. d4 d5 3. exd5 exd5 4. Nf3 Nf6 5. Bg5 Be7 6. Bd3 O-O 7. O-O Bg4 8.
Nbd2 Nbd7 9. c3 h6 10. Bh4 Re8 11. Qc2 c6 12. h3 Bxf3 13. Nxf3 Qc7 14. Rfe1 Bd6
15. Qd2 Bf4 16. Bg3 Bxd2 17. Rxe8+ Rxe8 18. Bxc7 Ne4 19. Bxe4 dxe4 20. Nxd2 e3
21. fxe3 Rxe3 22. Kf2 Re7 23. Re1 Rxe1 24. Kxe1 Nf6 25. c4 Ne8 26. Bb8 a6 27.
Ke2 f5 28. Be5 Kf7 29. Kf3 Ke6 30. Nb3 b6 31. c5 b5 32. Na5 Kd5 33. Nb7 Nf6 34.
Bxf6 gxf6 35. Ke3 f4+ 36. Kd3 h5 37. Nd6 a5 38. a3 a4 39. Nf5 Ke6 40. Ke4 1-0

[Event "11th European Senior"]
[Site "Courmayeur ITA"]
[Date "2011.04.14"]
[Round "9.42"]
[White "Gulinelli, Evro"]
[Black "D Aulisa, Francesco"]
[Result "0-1"]
[WhiteElo "1658"]
[BlackElo "1768"]
[WhiteFideId "802069"]
[BlackFideId "821390"]
[EventDate "2011.04.06"]

1. e4 d6 2. d4 e6 3. Nf3 h6 4. c4 Nd7 5. Nc3 Ne7 6. Bd3 a6 7. O-O b6 8. Be3 Bb7
9. b4 g5 10. Rc1 Ng6 11. Ne2 e5 12. dxe5 dxe5 13. c5 bxc5 14. bxc5 Bc6 15. Qc2
Nf4 16. Rfd1 Qf6 17. Bc4 Be7 18. Bd5 Rb8 19. Ng3 Rb5 20. Qc3 Bxd5 21. exd5 Bxc5
22. Bxc5 Rxc5 23. Qb2 Rxd5 24. Rxd5 Nxd5 25. Qb7 N5b6 26. Qxc7 O-O 27. Qb7 g4
28. Rc6 Qe7 29. Nf5 Qb4 30. Rc1 gxf3 31. Qxf3 Qf4 0-1

[Event "11th European Senior"]
[Site "Courmayeur ITA"]
[Date "2011.04.14"]
[Round "9.43"]
[White "Castiglioni, Nando"]
[Black "Hlinschi, Mihai"]
[Result "1-0"]
[WhiteElo "1651"]
[BlackElo "1702"]
[WhiteFideId "860174"]
[BlackFideId "1206800"]
[EventDate "2011.04.06"]

1. d4 d5 2. c4 e6 3. Nc3 Nf6 4. cxd5 exd5 5. Bg5 c6 6. e3 h6 7. Bh4 Bf5 8. Bd3
Bxd3 9. Qxd3 Be7 10. Nge2 Nbd7 11. O-O O-O 12. f3 Re8 13. e4 Nf8 14. e5 N6d7 15.
Bxe7 Qxe7 16. f4 f6 17. Rae1 Rad8 18. Ng3 Qb4 19. Rf2 b5 20. Rfe2 Qa5 21. e6 b4
22. Nb1 Qxa2 23. exd7 Rxe2 24. Qxe2 Rxd7 25. Nh5 a5 26. Qg4 Kh8 27. Qe2 Qc4 28.
Qe3 Qc2 29. b3 Kg8 30. Rc1 Qg6 31. Ng3 Rd6 32. f5 Qf7 33. Nd2 Nd7 34. Re1 Kf8
35. Qf4 Ne5 36. dxe5 fxe5 37. Qxe5 Rf6 38. Qb8+ 1-0

[Event "11th European Senior"]
[Site "Courmayeur ITA"]
[Date "2011.04.14"]
[Round "9.44"]
[White "Schiappacasse, Marcello"]
[Black "Centofante, Maria Rosa"]
[Result "1-0"]
[WhiteElo "1896"]
[BlackElo "1619"]
[WhiteFideId "808369"]
[BlackFideId "834807"]
[EventDate "2011.04.06"]

1. e4 d5 2. exd5 Qxd5 3. Nc3 Qa5 4. d4 Nf6 5. Bd2 Qb6 6. Nf3 c6 7. h3 Bf5 8. Bc4
e6 9. Bb3 Bd6 10. Qe2 O-O 11. O-O-O Nbd7 12. g4 Bg6 13. g5 Nh5 14. Ne5 Nxe5 15.
dxe5 Be7 16. Rhg1 a5 17. Rg4 Qc7 18. f4 b5 19. Rh4 Ng3 20. Qg4 Nf5 21. Ne4 Nxh4
22. Nf6+ gxf6 23. Qxh4 a4 24. gxf6 Bxf6 25. exf6 Kh8 26. Qh6 Rg8 27. Bxe6 fxe6
28. Bc3 Rae8 29. f7+ 1-0

[Event "11th European Senior"]
[Site "Courmayeur ITA"]
[Date "2011.04.14"]
[Round "9.45"]
[White "Maestri, Roberto"]
[Black "Smits, Oswald"]
[Result "0-1"]
[WhiteElo "1766"]
[BlackElo "1870"]
[WhiteFideId "871354"]
[BlackFideId "24619892"]
[EventDate "2011.04.06"]

1. e4 c5 2. d4 cxd4 3. c3 dxc3 4. Nxc3 e6 5. Nf3 a6 6. h3 Nc6 7. Bc4 Qc7 8. O-O
Bd6 9. Be3 Ne5 10. Nxe5 Bxe5 11. f4 Bxc3 12. bxc3 Qxc4 13. Bd4 Nf6 14. Qf3 Ke7
15. e5 Nd5 16. f5 Rf8 17. f6+ gxf6 18. exf6+ Ke8 19. Qg3 Qc6 20. Be5 Kd8 21. Qg7
Re8 22. Qxf7 d6 23. Bg3 Ne3 24. Rf2 Qd7 25. Qxd7+ Kxd7 26. Rf3 Nf5 27. Bf2 Rf8
28. g4 Nh6 29. g5 Nf5 30. Re1 Kc6 31. h4 Bd7 32. Kh2 Rf7 33. Ra1 Rg8 34. Rxf5
exf5 35. Bd4 Be8 36. Kg3 h6 37. Kf4 hxg5+ 38. hxg5 Rh7 39. Kxf5 Bd7+ 40. Kf4
Rh4+ 41. Kf3 Be8 42. Kg3 Rh5 43. Kg4 0-1

[Event "11th European Senior"]
[Site "Courmayeur ITA"]
[Date "2011.04.14"]
[Round "9.47"]
[White "Brugnolo, Paolo"]
[Black "Breidenbach, Heinz"]
[Result "0-1"]
[WhiteElo "1498"]
[BlackElo "1548"]
[WhiteFideId "834408"]
[BlackFideId "842672"]
[EventDate "2011.04.06"]

1. e4 d5 2. exd5 Qxd5 3. Nc3 Qa5 4. Nf3 Nf6 5. Bb5+ c6 6. Bd3 Bg4 7. O-O e6 8.
Re1 Bd6 9. Ne4 Nxe4 10. Rxe4 Bf5 11. Rd4 Bc5 12. Bxf5 Bxd4 13. Nxd4 exf5 14.
Qe2+ Kd7 15. Qd3 Re8 16. Nxf5+ Qd5 17. Qxd5+ cxd5 18. Kf1 g6 19. Nd4 Nc6 20. Nb3
b6 21. d3 Nb4 22. Nd4 Rac8 23. c3 Nxd3 24. Be3 Nxb2 25. Rb1 Na4 26. Rb3 Nxc3 27.
Ra3 a5 28. Rb3 Nxa2 29. Rxb6 Nb4 30. Rb7+ Rc7 31. Rb5 Nc2 32. Rxd5+ Kc8 33. Nxc2
Rxc2 34. Rxa5 Kd7 35. g3 Rc6 36. Ra4 Rec8 37. Rd4+ Rd6 38. Rh4 h5 39. Ra4 Rcc6
40. Bf4 Rd1+ 41. Kg2 Rd5 42. Ra7+ Ke6 0-1

[Event "11th European Senior"]
[Site "Courmayeur ITA"]
[Date "2011.04.14"]
[Round "9.48"]
[White "Luebbers, Doris"]
[Black "Ivanov, Michail"]
[Result "1/2-1/2"]
[WhiteElo "1602"]
[BlackElo "1935"]
[WhiteFideId "24630080"]
[BlackFideId "4145224"]
[EventDate "2011.04.06"]

1. d4 f5 2. g3 Nf6 3. Bg2 e6 4. c3 Nc6 5. Bg5 Be7 6. Nf3 O-O 7. Nbd2 d6 8. Qc2
Bd7 9. O-O-O a5 10. e4 fxe4 11. Nxe4 Nxe4 12. Bxe7 Nxe7 13. Qxe4 c6 14. Qc2 b5
15. Rd2 Qb6 16. Re1 h6 17. Nh4 a4 18. Ng6 Nxg6 19. Qxg6 Rf6 20. Qc2 b4 21. cxb4
Qxb4 22. Re3 d5 23. a3 Qd6 24. f4 Rff8 25. Qc5 1/2-1/2

[Event "11th European Senior"]
[Site "Courmayeur ITA"]
[Date "2011.04.14"]
[Round "9.50"]
[White "Maspero, Alfio"]
[Black "Cesati Cassin, Giorgio"]
[Result "0-1"]
[WhiteElo "1417"]
[BlackElo "1595"]
[WhiteFideId "846058"]
[BlackFideId "845990"]
[EventDate "2011.04.06"]

1. d4 Nf6 2. c4 g6 3. Nc3 Bg7 4. e4 d6 5. Bd3 O-O 6. Nge2 Nbd7 7. Ng3 e5 8. d5
a5 9. a4 Nc5 10. Be2 Re8 11. O-O Bd7 12. f4 exf4 13. Bxf4 Ncxe4 14. Re1 Nxg3 15.
Bxg3 Ne4 16. Qc2 Nxg3 17. hxg3 Bf5 18. Qd2 Qd7 19. Nb5 b6 20. Ra3 Be5 21. Kf2
Re7 22. Qh6 Bg7 23. Qd2 Rae8 24. Na7 Bg4 25. Nc6 Rxe2+ 0-1